000 00553nam a22002057a 4500
003 OSt
005 20140310183044.0
008 130227t xxu||||| |||| 00| 0 eng d
020 _a9715423655
050 _aPL 6063
_b.C634 2002
082 _aFIL 899.2113
_b.C634 2002
245 _aMakinilyang altar
_cCleto, Luna Sicat
260 _aDiliman, Quezon City
_bUniversity of the Philippines Press
_cc2002
300 _axiii, 151 p.
_c23 cm.
521 _aCollege
526 _c1210L-1700L
541 _j1
562 _e1
942 _2lcc
_cBK
_kFIL
999 _c18567
_d18567